01084cam a2200277 a 450000100100000000500170001000800410002702000150006804000250008308200230010810000350013124501170016625000120028326000600029530000170035550000380037250000280041050400740043865000180051265000320053065000210056270000340058391000390061795201330065699900170078900001384920240731114020.0810916s1982 mx 000 0 spa  a9681600258 aDO-SdBNPbspacBNPHU a335.4bM392c, 19821 aMarx, Carlos,d1818-18839597513aEl capital :bcrítica de la economía política /cCarlos Marx ; versión del alemán por Wenceslao Roces. a17a ed. aMéxico, D. F. :bFondo de Cultura Económica,c1982. av. ;c22 cm. aLa biblioteca posee el volumen 1. aTraducido del alemán. aIncluye referencias bibliográficas y notas al pie de las páginas. 0aCapital93797 0aEconomía política95976 0aCapitalismo92801 aRoces, Wenceslao,etr.931367 aValidado. Control de calidad BNPHU 001054708MOaGRbGRcHDd2009-11-30iLF1l0o335.4 M392c, 1982 | v.1p13849-10r2020-06-25w2020-06-25y4ZPréstamo en sala c13459d13459